• 首页
  • 本馆介绍
  • 公告通知
  • 最新文献
  • 馆藏检索
  • 电子资源
  • 读者导购
  • 参考咨询
  • 我的图书馆
  • 登录
  • 详细信息显示
  • 放入我的书架
  • 预约/预借图书
  • 作者相关作品
  • 分类相关作品
  • 丛书相关作品
  • 出版社相关作品

书目信息

  • 表格格式
  • 工作单格式
  • 卡片格式
题名:
流通产业经济学
    
 
作者: 洪涛 著
分册:  
出版信息: 北京   经济管理出版社  2011
页数: 520页
开本: 26cm
丛书名:
单 册:
中图分类: F014.3
科图分类:
主题词: 流通经济学--产业经济学--高等教育--教材 , 流通经济学 , 产业经济学
电子资源:
ISBN: 978-7-5096-1391-7
000 00929nam0 2200289 450
001 523
005 20140908143633.14
010    @a978-7-5096-1391-7@dCNY65.00
100    @a20110704d2011 em y0chiy50 ea
101 0  @achi
102    @aCN@b110000
105    @ay z 000yy
106    @ar
200 1  @a流通产业经济学@dCirculation industrial economics@f洪涛著@zeng
205    @a2版
210    @a北京@c经济管理出版社@d2011
215    @a520页@d26cm
300    @a北京市高等教育精品教材
330    @a本书内容包括:流通产业经济学研究对象;流通思想及理论的产生和发展;网络经济对传统流通理论的冲击;流通经营活动及其流程、流通运行的载体与机制等。
510 1  @aCirculation industrial economics@zeng
606 0  @a流通经济学@x产业经济学@x高等教育@j教材
606 0  @a流通经济学
606 0  @a产业经济学
690    @aF014.3@v5
701  0 @a洪涛@4著
801  0 @aCN@bTANGWEI@c20140603
905    @b0841799-801@dF014.3@e443=2@f3
    
    流通产业经济学=Circulation industrial economics/洪涛著.-2版.-北京:经济管理出版社,2011
    520页;26cm
    北京市高等教育精品教材
    
    ISBN 978-7-5096-1391-7:CNY65.00
    本书内容包括:流通产业经济学研究对象;流通思想及理论的产生和发展;网络经济对传统流通理论的冲击;流通经营活动及其流程、流通运行的载体与机制等。
●
相关链接 在E读中查询图书 在五车中查询图书 在当当中查询图书 在豆瓣中查询图书


正题名:流通产业经济学     索取号:F014.3/443=2         预约/预借

序号 登录号 条形码 馆藏地/架位号 状态 备注
1 0841799   208417998   第一样本阅览室/ [索取号:F014.3/443=2] 在馆    
2 0841800   208418005   密集书库-海洋学院/ [索取号:F014.3/443=2] 在馆    
3 0841801   208418014   第一借阅区/ [索取号:F014.3/443=2] 在馆    
唐山师范学院图书馆 欢迎您!
大连网信软件有限公司© 版权所有